| 000 | 01536nam a2200349 c 4500 | ||
|---|---|---|---|
| 003 | BLK | ||
| 005 | 20180421000202.0 | ||
| 008 | 180411b bul|||||r ||||||| ||bul|| | ||
| 010 | _aKNG00192131000 | ||
| 040 | _aBLK | ||
| 041 |
_aBUL _cBUL |
||
| 080 |
_aФизиотерапия. Механично действащи средства. Радиотерапия и др. нелекарствени терапевтични средства и методи _b615.8 _x(035) _z615.8(035) |
||
| 100 | 1 |
_aДимитрова, Виржиния Михайлова _eпърви автор _9343129 |
|
| 139 |
_aДимитрова, Виржиния Михайлова _bД 58 |
||
| 245 | 1 | 0 |
_aФизикални средства за възстановяване в спорта _bРъководство _cВиржиния Михайлова Димитрова. |
| 257 | _aBGR | ||
| 260 |
_аСофия _bМедицина и физкултура _c1983 |
||
| 300 |
_a95 с. _bс табл., диагр., сх., 4 л. ил. _c20 см |
||
| 380 | _a61 | ||
| 500 | _a1 100 тир. - Библиогр. с. 89-91. | ||
| 650 | 4 |
_aФизиотерапия _9175321 |
|
| 650 | 4 |
_aСпортна медицина _9263613 |
|
| 650 | 4 |
_aМасаж, спортен _9320776 |
|
| 653 | _aфизиотерапия | ||
| 653 | _aспортна медицина | ||
| 653 | _aръководства | ||
| 852 | _aЦб 120957 | ||
| 856 | 4 |
_qpdf _u |
|
| 856 | 4 |
_qpdf _u |
|
| 942 |
_cKNG _n0 |
||
| 944 |
_aCR _c10.10.2016 _kКамелия_Данева |
||
| 944 |
_aED _c10.10.2016 _kКамелия_Данева |
||
| 999 |
_c183203 _d183203 |
||